Normal view
MARC view
- NATO Advanced Study Institute on Magnetic Nanostructures for Micro-Electromechanical Systems and Spintronic Applications
Entry Meeting Name
001 - CONTROL NUMBER
- control field: 83052
003 - CONTROL NUMBER IDENTIFIER
- control field: NUST
005 - DATE AND TIME OF LATEST TRANSACTION
- control field: 20211012122706.0
008 - FIXED-LENGTH DATA ELEMENTS
- fixed length control field: 211012|| aca||aabn | a|a d
040 ## - CATALOGING SOURCE
- Original cataloging agency: NUST
- Transcribing agency: NUST
111 ## - HEADING--MEETING NAME
- Meeting name or jurisdiction name as entry element: NATO Advanced Study Institute on Magnetic Nanostructures for Micro-Electromechanical Systems and Spintronic Applications
- Date of meeting: (2006 :
- Location of meeting: Catona, Reggio di Calabria, Italy)
670 ## - SOURCE DATA FOUND
- Source citation: Work cat.: (NUST)32251: NATO Advanced Study Institute on Magnetic Nanostructures for Micro-Electromechanical Systems and Spintronic Applications (2006 : Catona, Reggio di Calabria, Italy), Magnetic Nanostructures in Modern Technology :, c2008.
